000 00656nam a2200217Ii 4500
003 JO-AjNU
008 230605s9999||||xx |||||||||||||| ||und||
017 _a1984/2/66
040 _aJO-AjNU
_bara
_erda
_cJO-AjNU
041 _aara
050 1 4 _aLB1051.I42 1986
100 3 _aعليان،هشام عامر مؤلف/هندي،صالح ذياب م.مشارك,
_eauthor
_919699
245 0 0 _aعلم النفس التربوي
250 _aط2
264 3 1 _aد.ن
300 _a197ص
336 _atext
_btxt
_2rdacontent
337 _aunmediated
_bn
_2rdamedia
338 _avolume
_bnc
_2rdacarrier
650 4 _aعلم النفس التربوي
_919700
999 _aA6546
_c10114
_d10114